| 000 | 01447nam0a22003011 4500 | ||
|---|---|---|---|
| 001 | rc\3641322 | ||
| 005 | 20250610090245.0 | ||
| 021 |
_aRU _b[71-91042] |
||
| 035 | _a(NLR Aleph) 007829683 | ||
| 090 |
_a7771067 _c7771067 |
||
| 100 | _a20130115d1971 |||y0rusy50 ca | ||
| 101 | 0 | _arus | |
| 102 | _aRU | ||
| 105 | _ay z ||||| | ||
| 200 | 1 |
_aО книге В.И. Ленина "Две тактики социал-демократии в демократической революции" _e[Учеб. пособие] |
|
| 210 |
_aМосква _cВысш. школа _d1971 |
||
| 215 |
_a62 с. _d20 |
||
| 225 | 1 | _aСтуденту, изучающему историю КПСС | |
| 320 | _aСписок лит.: с. 61 | ||
| 532 | 1 | 0 | _aО книге Владимира Ильича Ленина Две тактики социал-демократии в демократической революции |
| 604 |
_150010$aДве тактики социал-демократии в демократической революции _1700#1$aЛенин$bВ.И.$f1870-1924$gВладимир Ильич |
||
| 606 |
_a"Две тактики социал-демократии в демократической революции" (Ленин В.И.) _2psbo |
||
| 700 | 1 |
_aМигалин _bВ.Ф. _gВасилий Федотович |
|
| 801 | 0 |
_aRU _bNLR _gpsbo |
|
| 801 | 1 |
_aRU _bELAR _2rusmarc |
|
| 852 |
_aNLR _j72-4/1624 |
||
| 942 | _cBOOK | ||
| 980 | _aNB | ||